Mary Emmerling's American country West / (Record no. 185236)
[ view plain ]
| 000 -LEADER | |
|---|---|
| fixed length control field | 01092 a2200265 4500 |
| 003 - CONTROL NUMBER IDENTIFIER | |
| control field | NUST |
| 005 - DATE AND TIME OF LATEST TRANSACTION | |
| control field | 20230120181133.0 |
| 010 ## - LIBRARY OF CONGRESS CONTROL NUMBER | |
| LC control number | 84026451 |
| 020 ## - INTERNATIONAL STANDARD BOOK NUMBER | |
| International Standard Book Number | 0517552779 : |
| 040 ## - CATALOGING SOURCE | |
| Transcribing agency | Nust |
| 082 00 - DEWEY DECIMAL CLASSIFICATION NUMBER | |
| Classification number | 745.0978,EMM |
| 100 1# - MAIN ENTRY--PERSONAL NAME | |
| Personal name | Emmerling, Mary Ellisor. |
| 9 (RLIN) | 107289 |
| 245 10 - TITLE STATEMENT | |
| Title | Mary Emmerling's American country West / |
| Statement of responsibility, etc. | Photographs by Michael Skott ; design by Richard Trask ; text by Carol Sama Sheehan. |
| 250 ## - EDITION STATEMENT | |
| Edition statement | 1st ed. |
| 260 ## - PUBLICATION, DISTRIBUTION, ETC. | |
| Place of publication, distribution, etc. | New York : |
| Name of publisher, distributor, etc. | C.N. Potter : |
| -- | Distributed by Crown, |
| Date of publication, distribution, etc. | c1985. |
| 300 ## - PHYSICAL DESCRIPTION | |
| Extent | 278 p. : |
| Other physical details | col. ill. ; |
| Dimensions | 26 x 26 cm. |
| 505 ## - FORMATTED CONTENTS NOTE | |
| Formatted contents note | Introduction (Page-1), This is American Country West (Page-5), Home of the West (Page-37), West in the East (Page-173), Cowboy and Indian Crafts (Page-197), Western Heritage (Page-233). |
| 650 #0 - SUBJECT ADDED ENTRY--TOPICAL TERM | |
| Topical term or geographic name entry element | Country furniture |
| Geographic subdivision | West (U.S.) |
| 9 (RLIN) | 107290 |
| 650 #0 - SUBJECT ADDED ENTRY--TOPICAL TERM | |
| Topical term or geographic name entry element | Decoration and ornament, Rustic |
| Geographic subdivision | West (U.S.) |
| 9 (RLIN) | 107291 |
| 650 #0 - SUBJECT ADDED ENTRY--TOPICAL TERM | |
| Topical term or geographic name entry element | Folk art |
| Geographic subdivision | West (U.S.) |
| 9 (RLIN) | 107292 |
| 650 #0 - SUBJECT ADDED ENTRY--TOPICAL TERM | |
| Topical term or geographic name entry element | Indian art |
| Geographic subdivision | West (U.S.) |
| 9 (RLIN) | 107293 |
| 700 1# - ADDED ENTRY--PERSONAL NAME | |
| Personal name | Sheehan, Carol Sama. |
| 9 (RLIN) | 107294 |
| 740 0# - ADDED ENTRY--UNCONTROLLED RELATED/ANALYTICAL TITLE | |
| Uncontrolled related/analytical title | American country West. |
| 942 ## - ADDED ENTRY ELEMENTS (KOHA) | |
| Source of classification or shelving scheme | |
| Koha item type | Book |
| Call number prefix | 745.0978,EMM |
| Withdrawn status | Lost status | Source of classification or shelving scheme | Damaged status | Not for loan | Permanent Location | Current Location | Shelving location | Date acquired | Full call number | Barcode | Date last seen | Price effective from | Koha item type | Public note |
|---|---|---|---|---|---|---|---|---|---|---|---|---|---|---|
| Military College of Signals (MCS) | Military College of Signals (MCS) | General Stacks | 12/12/2016 | 745.0978,EMM | MCS3399 | 12/08/2016 | 12/12/2016 | Book | Almirah No.55, Shelf No.6 |
